| 000 | 01652nam a2200433 c 4500 | ||
|---|---|---|---|
| 001 | 17143 | ||
| 003 | ES-MaCES | ||
| 005 | 20250121040009.0 | ||
| 008 | 041222s2004 sp l o000 | spa d | ||
| 017 |
_aM 33066-2004 _bDL |
||
| 024 | 7 |
_a207-04-001-5 _2nipo |
|
| 035 | _aCES20040016041m | ||
| 040 |
_aES-MaCES _bspa _cES-MaCES |
||
| 245 | 0 | 0 |
_aLegislación internacional, europea, constitucional y administrativa en materia de igualdad de oportunidades entre mujeres y hombres _b: normativa actualizada _c[coordinadoras, Durán y Lalaguna, Paloma, Ventura Franch, Asunción ; colaboradores, Bernard Monferrer, Estela ... et al.] |
| 260 |
_aMadrid _bInstituto de la Mujer _c2004 |
||
| 300 |
_a528 p. _c20 cm |
||
| 490 | 1 |
_aSerie Documentos _v37 |
|
| 541 | _cGratuito | ||
| 650 | 4 |
_aigualdad de oportunidades _927183 |
|
| 650 | 4 |
_aigualdad de trato _930147 |
|
| 650 | 4 |
_adiscriminación por razones de sexo _929521 |
|
| 650 | 4 |
_aderechos de la mujer _927173 |
|
| 650 | 4 |
_aderecho internacional _926684 |
|
| 650 | 4 |
_aderecho comunitario _929866 |
|
| 650 | 4 |
_aEspaña _926964 |
|
| 650 | 4 |
_aComunidades Autónomas _930768 |
|
| 650 | 4 |
_alegislación _927153 |
|
| 650 | 4 |
_atexto _929624 |
|
| 653 | 1 | 0 | _aLegislación |
| 650 | 4 |
_926752 _aUE |
|
| 700 | 1 |
_aDurán y Lalaguna, Paloma _ecol. _911090 |
|
| 700 | 1 |
_aVentura Franch, Asunción _ecol. _925703 |
|
| 700 | 1 |
_aBernard Monferrer, Estela _ecol. _97635 |
|
| 710 | 2 |
_aInstituto de la Mujer (España) _eed. _94190 |
|
| 830 | 0 |
_aSerie Documentos (Instituto de la Mujer (España)) _v37 _932068 |
|
| 902 | _aLIB Libro | ||
| 942 |
_2CES _cBK _h6.1. |
||
| 999 |
_c17143 _d17143 |
||